Physics of Fully Ionized Gases (Record no. 3631)

MARC details
000 -LEADER
fixed length control field 00532nam a2200193Ia 4500
003 - CONTROL NUMBER IDENTIFIER
control field IN-BaIIA
005 - DATE AND TIME OF LATEST TRANSACTION
control field 20250707112629.0
008 - FIXED-LENGTH DATA ELEMENTS--GENERAL INFORMATION
fixed length control field 211028s9999 xx 000 0 eng d
040 ## - CATALOGING SOURCE
Transcribing agency IIA Library
080 ## - UNIVERSAL DECIMAL CLASSIFICATION NUMBER
Universal Decimal Classification number 533.1
Item number SPI
100 ## - MAIN ENTRY--PERSONAL NAME
Personal name Lyman, Spitzer
9 (RLIN) 6440
245 #0 - TITLE STATEMENT
Title Physics of Fully Ionized Gases
Statement of responsibility, etc. Lyman Spitzer and Raymond J. Seeger
250 ## - EDITION STATEMENT
Edition statement 2nd rev. ed.
260 ## - PUBLICATION, DISTRIBUTION, ETC.
Place of publication, distribution, etc. New York
Name of publisher, distributor, etc. Interscience Publishers
Date of publication, distribution, etc. 1967
300 ## - PHYSICAL DESCRIPTION
Extent xii, 170p.
650 ## - SUBJECT ADDED ENTRY--TOPICAL TERM
Topical term or geographic name entry element Ionized Gases
9 (RLIN) 1896
650 ## - SUBJECT ADDED ENTRY--TOPICAL TERM
Topical term or geographic name entry element Physics
9 (RLIN) 73
942 ## - ADDED ENTRY ELEMENTS (KOHA)
Koha item type Books
Source of classification or shelving scheme Dewey Decimal Classification
Holdings
Withdrawn status Lost status Source of classification or shelving scheme Damaged status Not for loan Home library Current library Shelving location Date acquired Cost, normal purchase price Total Checkouts Full call number Barcode Date last seen Cost, replacement price Price effective from Koha item type Purchase Price
    Dewey Decimal Classification     IIA Library-Bangalore IIA Library-Kodaikanal General Stacks 27/11/1970 45.50   533.1/ SPI 4054 05/11/2021 45.50 27/11/1970 Books Rs. 45.50

Powered by Koha